000 00753nam a2200277Ia 4500
005 20260320195702.0
008 008 262003s9999 xx 000 0 hin d
020 _a9788119092505
037 _aEBOOK
040 _aCRL
040 _bhin
040 _cCRL
041 _2hin
041 _ahin
084 _qCRL
100 _aडॉ. नीलम सिंह, शैलेश कुमार
_91132798
245 0 _aहिंदी कविता : आदिकाल, मध्यकाल, आधुनिककाल
250 _a1st
260 _bRajkamal
260 _c2023
300 _a160
856 _uhttps://ebook.indiaread.in/pdfs/9788119092505.pdf
942 _cEBOOK
999 _c1715939
_d1715939